000 00384nam a2200169Ia 4500
001 27942
003 IN-NITTTR
005 20251114233347.0
008 251113s9999||||xx |||||||||||||| ||eng||
040 _beng
040 _cIN-NITTTR
041 _aeng
082 _a808.882 A67M
100 _aArora, Neera
245 0 _aMahapurushon ki amritvani /
_cArora, Neera
942 _2ddc
_cBK
999 _c30570
_d30570